<?xml version="1.0" encoding="UTF-8"?>
<record
    xmlns:xsi="http://www.w3.org/2001/XMLSchema-instance"
    xsi:schemaLocation="http://www.loc.gov/MARC21/slim http://www.loc.gov/standards/marcxml/schema/MARC21slim.xsd"
    xmlns="http://www.loc.gov/MARC21/slim">

  <leader>01647nam a22002177a 4500</leader>
  <controlfield tag="008">241106b        |||||||| |||| 00| 0 eng d</controlfield>
  <datafield tag="020" ind1=" " ind2=" ">
    <subfield code="a">9781844885398</subfield>
  </datafield>
  <datafield tag="040" ind1=" " ind2=" ">
    <subfield code="c">tbs</subfield>
  </datafield>
  <datafield tag="041" ind1=" " ind2=" ">
    <subfield code="a">eng</subfield>
  </datafield>
  <datafield tag="050" ind1=" " ind2=" ">
    <subfield code="a">PR6113.O7485</subfield>
    <subfield code="b">Y68 2022</subfield>
  </datafield>
  <datafield tag="100" ind1=" " ind2=" ">
    <subfield code="a">Moriarty, Sin&#xE9;ad</subfield>
    <subfield code="9">24309</subfield>
    <subfield code="e">author</subfield>
  </datafield>
  <datafield tag="245" ind1=" " ind2=" ">
    <subfield code="a">Yours, mine, ours</subfield>
    <subfield code="c">/ Sin&#xE9;ad Moriarty</subfield>
  </datafield>
  <datafield tag="260" ind1=" " ind2=" ">
    <subfield code="a">London : Penguin Books, 2023.</subfield>
  </datafield>
  <datafield tag="300" ind1=" " ind2=" ">
    <subfield code="a">389 pages ; 24 cm.</subfield>
  </datafield>
  <datafield tag="520" ind1=" " ind2=" ">
    <subfield code="a">What's a few more branches on the family tree?

Things are finally looking up for Anna. Seventeen miserable years of marriage to man-child Connor have left her drained and ready for a new start. So when they separate, she couldn't be more thrilled to move in with James, a handsome lecturer who is everything her ex-husband is not: kind, thoughtful, and above all, reliable.

But Anna and James's kids hate living with the loved-up couple and the new set-up. Their teenage daughters - one a studious high achiever and the other a cool rich girl unbothered by grades or exams - have nothing in common. And Anna's wild football-mad nine-year-old son declares war on bookish James.

Nobody said step-parenting was easy; Anna and James are about to find out exactly how complicated it can be. With exes, new partners-of-exes and money all in the mix, home life is fast becoming a minefield and their new-found happiness hangs in the balance. Do they have what it takes to make their blended family work?</subfield>
  </datafield>
  <datafield tag="650" ind1=" " ind2="0">
    <subfield code="a">Divorced people</subfield>
    <subfield code="v">Fiction</subfield>
    <subfield code="9">24310</subfield>
  </datafield>
  <datafield tag="650" ind1=" " ind2="0">
    <subfield code="a">Man-woman relationships </subfield>
    <subfield code="v">Fiction</subfield>
    <subfield code="9">11134</subfield>
  </datafield>
  <datafield tag="650" ind1=" " ind2="0">
    <subfield code="a">Stepfamilies </subfield>
    <subfield code="v">Fiction</subfield>
    <subfield code="9">24311</subfield>
  </datafield>
  <datafield tag="650" ind1=" " ind2="0">
    <subfield code="a">Interpersonal conflict</subfield>
    <subfield code="v">Fiction</subfield>
    <subfield code="9">24312</subfield>
  </datafield>
  <datafield tag="942" ind1=" " ind2=" ">
    <subfield code="2">lcc</subfield>
  </datafield>
  <datafield tag="952" ind1=" " ind2=" ">
    <subfield code="0">0</subfield>
    <subfield code="1">0</subfield>
    <subfield code="2">lcc</subfield>
    <subfield code="4">0</subfield>
    <subfield code="7">0</subfield>
    <subfield code="a">TBS</subfield>
    <subfield code="b">TBS</subfield>
    <subfield code="d">2024-11-06</subfield>
    <subfield code="l">0</subfield>
    <subfield code="o">P-EN MOR</subfield>
    <subfield code="p">B05343</subfield>
    <subfield code="r">2024-11-06</subfield>
    <subfield code="t">1</subfield>
    <subfield code="w">2024-11-06</subfield>
    <subfield code="y">1</subfield>
  </datafield>
  <datafield tag="999" ind1=" " ind2=" ">
    <subfield code="c">4401</subfield>
    <subfield code="d">4401</subfield>
  </datafield>
</record>
